000 00532nam a2200193Ia 4500
008 101110s9999 xx 000 0 und d
041 _aENGLISH
082 _bSR10014
_a900
100 _aDavies C. Collin
245 _aHistorical atlas of the Indian peninsula 2nd ed.
365 _b5
520 _aGeography
546 _aENGLISH
630 _aHistorical atlas of the Indian peninsula 2nd ed.
650 _aGeography
655 _aGeography
730 _aHistorical atlas of the Indian peninsula 2nd ed.
942 _cBOOK
999 _c805030
_d805027